Mythologie Grecque Shuffle - Statistiques

Statistiques générales
  • Ce quiz a été pris 726 fois
  • Le résultat moyen est 38 sur 74
Statistiques - réponses
Hint Réponse % Correct
Dieu des enfers et des richesses souterraines Hadès
96%
Dieu des mers et des océans Poséidon
95%
Reine des cieux, Déesse du mariage Héra
91%
Dieu de la guerre sanglante Arès
89%
Déesse de l'amour et de la beauté Aphrodite
80%
Déesse de la guerre stratégique et de la sagesse Athéna
79%
Dieu des voyageurs, des voleurs, messager des dieux et guide des âmes se rendant au enfers Hermès
79%
Roi des dieu, Dieu du ciel Zeus
79%
Dieu de la poésie, des arts, de la prophétie et de la lumière Apollon
78%
Déesse des moissons et de l'agriculture Déméter
78%
Dieu du vin et des fêtes Dionysos
78%
Dieu du feu et des forgerons Héphaistos
78%
Déesse de la chasse et de la virginité Artémis
77%
Dieu de l'amour Eros
74%
Déesse des plantations et reine des enfers Perséphone
74%
Auteur des douze travaux devenu un dieu après sa mort Heraclès
72%
A vaincu le sphinx, tué son père et épousé sa mère Oedipe
71%
Mère des titans - représente la terre Gaïa
70%
Déesse de la victoire Niké
70%
Déesse de la nuit Nyx
70%
Dieu du sommeil Hypnos
68%
Titan condamné à porter la voûte céleste Atlas
67%
Dieu des rêves Morphée
66%
Dieu de la mort Thanatos
66%
Guerrier très rusé, arrière petit fils d'Hermès, héros de l'odyssée Ulysse
66%
Les Hécatonchires Briarée, Cottos et Gygès
65%
Nymphe de la mer, ayant retenu Ulysse pendant sept des dix années de son retour de Troie à Ithaque. Calypso
64%
Chef des argonautes qui rapporte la Toison d'Or Jason
64%
Vainqueur de Méduse et époux d'Andromède Persée
64%
Dieu et maître des vents Éole
63%
Dieu du soleil Hélios
63%
Déesse de la lune Séléné
63%
Tueur du Minotaure et veuf de Phèdre Thésée
61%
Père des titans - représente le ciel Ouranos
59%
Dieu de la nature Pan
59%
Le plus grand guerrier grec de tous les temps Achille
58%
Déesse de la vengeance Némésis
57%
Roi des titans Cronos
56%
Titan des mers et des océans Océanos
56%
Cyclope ayant tenté de manger Ulysse Polyphème
56%
Dieu du temps Chronos
52%
Roi de crète et juge des enfers Minos
51%
Dieu du vent du nord Borée
49%
Déesse de l'arc-en-ciel Iris
49%
Titan de la prévoyance, père des hommes Prométhée
48%
Titanide de la maternité et reine des Titans Rhéa
47%
Titanide de la mémoire Mnémosyne
43%
Déesse de la discorde Eris
42%
Second meilleur guerrier grec Ajax
41%
Dieu du vent de l'ouest Zéphyr
38%
Fils de Léda du sang de Tyndare Castor
30%
Déesse de la jeunesse Hébé
29%
Fille de Léda du sang de Zeus Hélène
28%
Titan des excuses, père des animaux Épiméthée
27%
Dieu des ténèbres Érèbe
26%
Déesse de l'inévitable Ananké
25%
Titanide de la justice Thémis
25%
Titanide des océans Thétys
25%
Dieu de montagnes Ouréa
23%
Déesse de la chance et de la providence Tyché
23%
Dieu du vent de l'est Euros
22%
Titan de la lumière Hypérion
22%
Dieu de la lumière célèste Ether
21%
Chasseur géant Orion
20%
Roi des géants Porphyrion
20%
Dieu du vent du sud Notos
19%
Fils de Léda du sang de Zeus Pollux
19%
Dieu des fleuves Pontos
19%
Cyclope ayant forgé le casque d'Hadès Brontès
18%
Titanide de la vue Théia
18%
Cyclope ayant forgé le foudre de Zeus Argès
17%
Titan de l'astronomie Crios
12%
Titanide de la prophétie Phébée
12%
Cyclope ayant forgé le trident de Poseidon Stéropès
8%
Aucun quiz correspondant
Distribution des résultats
% des personnes avec chaque résultat
Percentile par nombre de réponses
Votre historique - résultats
Vous n’avez pas pris ce quiz